banner

La obesidad infantil: (Registro nro. 402)

000 -LEADER
fixed length control field 00772nam a22002417a 4500
003 - CONTROL NUMBER IDENTIFIER
control field AR-BaISA
005 - DATE AND TIME OF LATEST TRANSACTION
control field 20220512191843.0
007 - PHYSICAL DESCRIPTION FIXED FIELD--GENERAL INFORMATION
fixed length control field ta
008 - FIXED-LENGTH DATA ELEMENTS--GENERAL INFORMATION
fixed length control field 180226s2003 ag ||||| |||| 00| 0 spa d
020 ## - INTERNATIONAL STANDARD BOOK NUMBER
International Standard Book Number 9507684107
040 ## - CATALOGING SOURCE
Transcribing agency AR-BaISA
082 04 - DEWEY DECIMAL CLASSIFICATION NUMBER
Edition number 22
Classification number 616.398 P837
100 10 - MAIN ENTRY--PERSONAL NAME
9 (RLIN) 1004
Personal name Porti, Mariana
Relator term aut.
245 13 - TITLE STATEMENT
Title La obesidad infantil:
Remainder of title todo lo que necesita saber /
Statement of responsibility, etc. Mariana Porti
260 ## - PUBLICATION, DISTRIBUTION, ETC.
Place of publication, distribution, etc. Buenos Aires:
Name of publisher, distributor, etc. Imaginador,
Date of publication, distribution, etc. 2003
300 ## - PHYSICAL DESCRIPTION
Extent [125] p.
490 1# - SERIES STATEMENT
Serie Salud para todos
505 ## - FORMATTED CONTENTS NOTE
Title La obesidad --
-- Obesidad infantil --
-- Tratamiento de la obesidad infantil --
-- Datos útiles sobre obesidad infantil
650 14 - SUBJECT ADDED ENTRY--TOPICAL TERM
9 (RLIN) 961
Topical term or geographic name entry element Obesidad
General subdivision tratamiento
650 14 - SUBJECT ADDED ENTRY--TOPICAL TERM
9 (RLIN) 1006
Topical term or geographic name entry element Obesidad infantil
830 #0 - SERIES ADDED ENTRY--UNIFORM TITLE
9 (RLIN) 1005
Uniform title Salud para todos
942 ## - ADDED ENTRY ELEMENTS (KOHA)
Source of classification or shelving scheme
Koha item type Libros
Existencias
Withdrawn status Lost status Source of classification or shelving scheme Damaged status Not for loan Permanent Location Current Location Date acquired Inventory number Full call number Barcode Date last seen Price effective from Koha item type
          Biblioteca ISALUD. Dr. Néstor Rodríguez Campoamor Biblioteca ISALUD. Dr. Néstor Rodríguez Campoamor 2019-03-08 3528 616.398 P837 3528 2019-03-08 2019-03-08 Libros